000 00686nam a2200217 i 4500
001 33728
003 ES-MaACL
005 20250808020703.0
007 t|
008 030203s1972 sp ||||1| spa d
100 1 _aBissonnier, Henri.
_929023
245 1 3 _aLa religiosa y el mundo de los inadaptados /
_cHenri Bissonnier.
260 _aBilbao :
_bMensajero,
_c[1972]
300 _a203 p. ;
_c20 cm.
490 1 _aColección Vida Religiosa ;
_v56
650 4 _aReligiosas-
_xApostolado.
_9166199
650 4 _aPersonas con discapacidad-
_xPastoral.
_9166200
830 0 0 _aVida religiosa
_v56
_9182820
852 _aES-MaACL
_jC-44824
_bR.81758
999 _c33728
_d33728